000 00386nam a2200133Ia 4500
008 100328s9999 xx 000 0 und d
082 _b13428
100 _aदत्त प्रफुल्ल
245 _aरेशमी लड्या
260 _bइंदिरा
630 _aरेशमी लड्या
730 _aरेशमी लड्या
942 _cBOOK
999 _c508498
_d508495